LEADER 00828nam a2200253 i 4500 001 991000265509707536 005 20020527111144.0 008 010810s1982 it ||| | ita 035 $ab10053566-39ule_inst 035 $aPARLA218486$9ExL 040 $aDip.to Filosofia$bita 082 0 $a192 100 1 $aSina, Mario$0173773 245 10$aIntroduzione a Locke /$cdi Mario Sina 260 $aBari ; Roma :$bLaterza,$c1982 300 $a198 p. ;$c18 cm. 440 2$aI filosofi ;$v34 650 4$aLocke, John 907 $a.b10053566$b24-05-11$c27-06-02 912 $a991000265509707536 945 $aLE005 MF 31 C 31$g1$i2005000236693$lle005$o-$pE0.00$q-$rl$s- $t0$u15$v6$w15$x0$y.i10061812$z27-06-02 996 $aIntroduzione a Locke$9193585 997 $aUNISALENTO 998 $ale005$b01-01-01$cm$da $e-$fita$git $h0$i1